Sanciones al síndico concursal (Registro nro. 21234)
[ vista simple ]
| 000 -LEADER | |
|---|---|
| fixed length control field | 00319 a2200109 4500 |
| 001 - CONTROL NUMBER | |
| control field | ART_46338 |
| 005 - DATE AND TIME OF LATEST TRANSACTION | |
| control field | 20260410161808.0 |
| 008 - FIXED-LENGTH DATA ELEMENTS--GENERAL INFORMATION | |
| fixed length control field | 260409a |
| 100 1# - MAIN ENTRY--PERSONAL NAME | |
| Personal name | Ferro, Carlos A. |
| 245 10 - TITLE STATEMENT | |
| Title | Sanciones al síndico concursal |
| 773 0# - HOST ITEM ENTRY | |
| Title | Doctrina Societaria y Concursal |
| Related parts | - N°366 (mayo 2018) |
| Record control number | REV4298 |
No hay ítems disponibles.